| 000 | 00941nam a2200301 4500 | ||
|---|---|---|---|
| 001 | 0000021001 | ||
| 003 | CO-CtgCURN | ||
| 005 | 20250329191020.0 | ||
| 007 | ta | ||
| 008 | 160627s1989 000 0 eng d | ||
| 020 | _a843292024X | ||
| 040 |
_aCO-CtgCURN _bspa _ccoctgcurn |
||
| 082 | 0 |
_a747 _bR93i |
|
| 100 | 1 | _aMuller, Rudolf. | |
| 245 | 1 | 0 |
_aInteriores : _bdetail arquitectura / _cRudolf Muller. |
| 250 | _a2a ed. | ||
| 260 |
_aMadrid : _bCeac, _c1989. |
||
| 300 | _a94 p. | ||
| 336 | _2rdacontent | ||
| 337 |
_2rdamedia _asin mediacion _bn |
||
| 338 |
_2rdacarrier _avolumen _bnc |
||
| 500 | _aIncluye indice. | ||
| 505 | 8 | _aViviendas.--Espacios comerciales.--Hoteles restaurantes.--Museos bibliotecas, teatros.--Espacios religiosos | |
| 650 | 1 | 4 |
_aArquitectura _vConservacion y Restauracion. |
| 908 | _a160627 | ||
| 942 |
_cBK _h747 _iR93i _2ddc |
||
| 999 |
_c11227 _d11227 |
||